An introduction to the analysis and processing of signals

Na minha lista:
Detalhes bibliográficos
Autor principal: Lynn, Paul A
Formato: Livro
Idioma:English
Publicado em: New York, Wiley 1973
Assuntos:
Tags: Adicionar Tag
Sem tags, seja o primeiro a adicionar uma tag!

MARC

LEADER 00000nam a2200000Ia 4500
003 000459
005 20221231143953.0
008 140114s9999 nyua 000 ||eng d
040 |c cru CEDI 
082 |a 621.382.23 L989i 
100 |a Lynn, Paul A  |9 19056 
245 |a An introduction to the analysis and processing of signals 
260 |a New York, Wiley   |c 1973 
300 |a  x, 222 páginas, ilustraciones. 24 cm. 
650 |x PROCESAMIENTO DE SEÑALES   |x MODULACION DE IMPULSOS EN FRECUENCIA   |x FILTROS DIGITALES (MATEMATICAS)   |x SISTEMAS LINEALES  |9 19057 
942 |2 ddc  |c BK 
999 |c 14986  |d 14986